| 000 | 02515nam a22002417a 4500 | ||
|---|---|---|---|
| 003 | BJBSDDR | ||
| 005 | 20260513130413.0 | ||
| 007 | ta | ||
| 008 | 260513s2018 nyu||||| |||| 00| 0 eng d | ||
| 020 | _a9780691166995 | ||
| 020 | _a0691166994 | ||
| 040 |
_bspa _cBJBSDDR |
||
| 041 | _aeng | ||
| 050 | _bH481 2018 | ||
| 100 | 1 |
_aHelmreich, William B _948419 |
|
| 245 | 1 | 4 |
_aThe Manhattan nobody knows : _ban urban walking guide / _cWilliam B. Helmreich |
| 260 |
_aNew York : _bPrinceton University Press, _c2018 |
||
| 300 |
_axxii, 354 pages : _billustrations ; _c21 cm |
||
| 505 | _aMarble Hill -- Inwood -- Washington Heights -- Hamilton Heights -- Manhattanville -- Morningside Heights -- Central Harlem -- East Harlem -- Upper West Side -- Upper East Side -- Central Park -- Roosevelt Island -- Clinton (Hell's Kitchen) -- Chelsea -- Central Midtown -- Midtown East -- West Village -- Greenwich Village -- East Village -- Lower East Side -- Soho -- Hudson Square. | ||
| 520 | _aa Bill Helmreich walked every block of New York City -- six-thousand miles in all -- to write the award-winning The New York Nobody Knows. Now he has re-walked most of Manhattan -- 721 miles -- to write this new, one-of-a-kind walking guide to the heart of one of the world's greatest cities. Drawing on hundreds of conversations he had with residents during his block-by-block journey, The Manhattan Nobody Knows captures the unique magic and excitement of the island and highlights hundreds of facts, places, and points of interest that you won't find in any other guide. The guide covers every one of Manhattan's thirty-one distinct neighborhoods, from Marble Hill to the Financial District, providing a colorful portrait of each area's most interesting, unusual, and unfamiliar people, places, and things. Along the way you'll be introduced to an elderly Inwood man who lives in a cave; a Greenwich Village townhouse where Weathermen terrorists set up a bomb factory; a Harlem apartment building whose residents included W.E.B. DuBois and Thurgood Marshall; a tiny community garden attached to the Lincoln Tunnel; a Washington Heights pizza joint that sells some of the biggest slices in town; the story behind the "Birdman" of Washington Square Park; and much, much more. An unforgettably vivid chronicle of today's Manhattan, the book can also be enjoyed without ever leaving home -- but it's almost guaranteed to inspire you to get out and explore this fascinating metropolis | ||
| 942 |
_2lcc _n0 _cBK |
||
| 946 | _icmc | ||
| 999 |
_c127078 _d127078 |
||